| 000 | 00523nam a22001937a 4500 | ||
|---|---|---|---|
| 005 | 20151130064246.0 | ||
| 008 | 150602b xxu||||| |||| 00| 0 eng d | ||
| 041 | 0 | _aeng | |
| 080 | _a512.64 | ||
| 100 | _aDean, William | ||
| 245 | 0 | 0 |
_aLinear algebra / _cWilliam D. Clark, and Sandra Luna McCune. |
| 260 |
_aNew York : _bMcGraw Hill, _cc2013. |
||
| 300 |
_avii. 223 f. : _bme il.; _c28 cm. |
||
| 490 | _6Algjebra lineare | ||
| 650 | 0 | _2Matematike | |
| 650 | 0 | _aAlgjebra lineare | |
| 700 | 1 | _aWilliam D. | |
| 942 |
_2udc _cBK |
||
| 999 |
_c968 _d968 |
||